Chin Soon's Klang Valley 2006 as at Mar 2006 [

Bibliographic Details
Corporate Author: Ho Chin Soon Research Sdn. Bhd
Format: Book
Published: Kuala Lumpur : Ho Chin Soon Research Sdn. Bhd. , 2006
Subjects:

MARC

LEADER 00000cam a2200000 7i4500
001 0000017071
005 20070104.0
040 |a INS 
090 0 0 |a G8033.K8   |b CHI PT 
245 1 0 |a Chin Soon's Klang Valley 2006 as at Mar 2006 [  |h Map]   |c Ho Chin Soon 
260 |a Kuala Lumpur :   |b Ho Chin Soon Research Sdn. Bhd. ,   |c 2006 
300 |a 17 maps :   |b col. ;   |c 36 x 36 in + 1 CD. 
500 |a 1.Chin Soon's Klang Valley 2006 as at Mar 2006 - 2.Map N1: KV North West - 3.Map N2: KV North East - 4.Map 01: Ijok & Surroundings - 5.Map 02: Rawang & Surroundings - 6.Map 03: Meru & Surroundings - 7.Map 04: Sg Buloh & Surroundings - 8.Map 05: Ampang & Surroundings - 9.Map 06: Klang & Surroundings - 10.Map 07: Puchong & Surroundings - 11.Map 08: Kajang & Surroundings - 12.Map09: Banting & Surroundings - 13.Map 10: Cyberjaya & Surroundings - 14.Map 11: Bangi & Surroundings - 15.Map 12: Sepang & Surroundings - 16.Bonus Map: Golden Triangle - 17.Bonus Map: Mont Kiara 
500 |a 8.Map 05: Ampang & Surroundings - 9.Map 06: Klang & Surroundings - 10.Map 07: Puchong & Surroundings - 11.Map 08: Kajang & Surroundings - 12.Map09: Banting & Surroundings - 13.Map 10: Cyberjaya & Surroundings - 14.Map 11: Bangi & Surroundings - 15.Map 12: Sepang & Surroundings - 16.Bonus Map: Golden Triangle - 17.Bonus Map: Mont Kiara 
650 0 0 |a Maps 
650 0 0 |a Topographics maps 
651 0 |a Klang Vqalley (Selangor)   |x Maps   |x Topographics 
710 1 |a Ho Chin Soon Research Sdn. Bhd. 
999 |a 0000016830   |b MAPS   |c Open Shelf   |e Default branch 
999 |a 0000016831   |b MAPS   |c Open Shelf   |e Default branch